<?xml version="1.0" encoding="UTF-8"?>
<record
    xmlns:xsi="http://www.w3.org/2001/XMLSchema-instance"
    xsi:schemaLocation="http://www.loc.gov/MARC21/slim http://www.loc.gov/standards/marcxml/schema/MARC21slim.xsd"
    xmlns="http://www.loc.gov/MARC21/slim">

  <leader>00779nam a22001577a 4500</leader>
  <controlfield tag="003">OSt</controlfield>
  <controlfield tag="005">20150912151906.0</controlfield>
  <controlfield tag="008">150912b        xxu||||| |||| 00| 0 eng d</controlfield>
  <datafield tag="040" ind1=" " ind2=" ">
    <subfield code="c">RUA</subfield>
  </datafield>
  <datafield tag="082" ind1=" " ind2=" ">
    <subfield code="a">AGR &#x17A2;&#x17CA;&#x17BB;&#x1799; 1996 BOO17 Or.1</subfield>
  </datafield>
  <datafield tag="100" ind1=" " ind2=" ">
    <subfield code="9">341</subfield>
    <subfield code="a">&#x17A2;&#x17CA;&#x17BB;&#x1799; &#x179A;&#x1798;&#x17D2;&#x1799;&#x1793;&#x17B6;</subfield>
  </datafield>
  <datafield tag="245" ind1=" " ind2=" ">
    <subfield code="a">&#x17A5;&#x1791;&#x17D2;&#x1792;&#x17B7;&#x1796;&#x179B;&#x1793;&#x17C3;&#x1780;&#x17B6;&#x179A;&#x1794;&#x17D2;&#x179A;&#x1780;&#x17BD;&#x1799;&#x1794;&#x17D2;&#x179A;&#x1787;&#x17C2;&#x1784;&#x179A;&#x179C;&#x17B6;&#x1784;&#x1796;&#x17BC;&#x1787; &#x1780;&#x17D2;&#x1793;&#x17BB;&#x1784;&#x1796;&#x17B7;&#x179F;&#x17C4;&#x1792;&#x1793;&#x17CD;&#x1787;&#x17C6;&#x179A;&#x17BE;&#x179F;&#x1791;&#x17D2;&#x1793;&#x1795;&#x179B;&#x179F;&#x17D2;&#x179A;&#x17BC;&#x179C;&#x179F;&#x17D2;&#x179A;&#x17B6;&#x179B; &#x1785;&#x17C6;&#x1793;&#x17BD;&#x1793;&#x1794;&#x17D2;&#x179A;&#x17B6;&#x17C6;&#x1796;&#x17BC;&#x1787; &#x1793;&#x17C5;&#x1798;&#x178E;&#x17D2;&#x178C;&#x179B;&#x17A2;&#x1797;&#x17B7;&#x179C;&#x178C;&#x17D2;&#x178D;&#x1793;&#x17CD;&#x178A;&#x17B8;&#x17A5;&#x178A;&#x17D2;&#x178B;&#x200D;-&#x179F;&#x17D2;&#x179A;&#x17C2;&#x17A2;&#x17C6;&#x1796;&#x17B7;&#x179B; &#x1793;&#x17B6;&#x179A;&#x178A;&#x17BC;&#x179C;&#x1794;&#x17D2;&#x179A;&#x17B6;&#x17C6;&#x1784; &#x1786;&#x17D2;&#x1793;&#x17B6;&#x17C6;&#x17E1;&#x17E9;&#x17E9;&#x17E6; </subfield>
  </datafield>
  <datafield tag="260" ind1=" " ind2=" ">
    <subfield code="a">phnom phen</subfield>
    <subfield code="b">RUA</subfield>
    <subfield code="c">1996</subfield>
  </datafield>
  <datafield tag="300" ind1=" " ind2=" ">
    <subfield code="a">30p.</subfield>
    <subfield code="b">ill.</subfield>
    <subfield code="c">29cm.</subfield>
  </datafield>
  <datafield tag="942" ind1=" " ind2=" ">
    <subfield code="2">ddc</subfield>
    <subfield code="c">AGR</subfield>
  </datafield>
  <datafield tag="999" ind1=" " ind2=" ">
    <subfield code="c">320</subfield>
    <subfield code="d">320</subfield>
  </datafield>
  <datafield tag="952" ind1=" " ind2=" ">
    <subfield code="0">0</subfield>
    <subfield code="1">0</subfield>
    <subfield code="2">ddc</subfield>
    <subfield code="4">0</subfield>
    <subfield code="6">AGR_&#x17A2;&#x17BB;&#x1799;_1996_000000000000000_BOO17_OR_1</subfield>
    <subfield code="7">0</subfield>
    <subfield code="9">1467</subfield>
    <subfield code="a">LBB</subfield>
    <subfield code="b">LBB</subfield>
    <subfield code="c">B017</subfield>
    <subfield code="d">2015-09-12</subfield>
    <subfield code="o">AGR &#x17A2;&#x17CA;&#x17BB;&#x1799; 1996 BOO17 Or.1</subfield>
    <subfield code="p">RUA005195</subfield>
    <subfield code="r">2015-09-12</subfield>
    <subfield code="w">2015-09-12</subfield>
    <subfield code="y">AGR</subfield>
  </datafield>
  <datafield tag="952" ind1=" " ind2=" ">
    <subfield code="0">0</subfield>
    <subfield code="1">0</subfield>
    <subfield code="2">ddc</subfield>
    <subfield code="4">0</subfield>
    <subfield code="6">AGR_&#x17A2;&#x17BB;&#x1799;_1996_000000000000000_BOO17_OR_2</subfield>
    <subfield code="7">0</subfield>
    <subfield code="9">1468</subfield>
    <subfield code="a">LBB</subfield>
    <subfield code="b">LBB</subfield>
    <subfield code="c">B017</subfield>
    <subfield code="d">2015-09-12</subfield>
    <subfield code="o">AGR &#x17A2;&#x17CA;&#x17BB;&#x1799; 1996 BOO17 Or.2</subfield>
    <subfield code="p">RUA005196</subfield>
    <subfield code="r">2015-09-12</subfield>
    <subfield code="w">2015-09-12</subfield>
    <subfield code="y">AGR</subfield>
  </datafield>
  <datafield tag="952" ind1=" " ind2=" ">
    <subfield code="0">0</subfield>
    <subfield code="1">0</subfield>
    <subfield code="2">ddc</subfield>
    <subfield code="4">0</subfield>
    <subfield code="6">AGR_&#x17A2;&#x17BB;&#x1799;_1996_000000000000000_BOO17_OR_3</subfield>
    <subfield code="7">0</subfield>
    <subfield code="9">1469</subfield>
    <subfield code="a">LBB</subfield>
    <subfield code="b">LBB</subfield>
    <subfield code="c">B017</subfield>
    <subfield code="d">2015-09-12</subfield>
    <subfield code="o">AGR &#x17A2;&#x17CA;&#x17BB;&#x1799; 1996 BOO17 Or.3</subfield>
    <subfield code="p">RUA005053</subfield>
    <subfield code="r">2015-09-12</subfield>
    <subfield code="w">2015-09-12</subfield>
    <subfield code="y">AGR</subfield>
  </datafield>
  <datafield tag="952" ind1=" " ind2=" ">
    <subfield code="0">0</subfield>
    <subfield code="1">0</subfield>
    <subfield code="2">ddc</subfield>
    <subfield code="4">0</subfield>
    <subfield code="6">AGR_&#x17A2;&#x17BB;&#x1799;_1996_000000000000000_BOO17_OR_4</subfield>
    <subfield code="7">0</subfield>
    <subfield code="9">1470</subfield>
    <subfield code="a">LBB</subfield>
    <subfield code="b">LBB</subfield>
    <subfield code="c">B017</subfield>
    <subfield code="d">2015-09-12</subfield>
    <subfield code="o">AGR &#x17A2;&#x17CA;&#x17BB;&#x1799; 1996 BOO17 Or.4</subfield>
    <subfield code="p">RUA005050</subfield>
    <subfield code="r">2015-09-12</subfield>
    <subfield code="w">2015-09-12</subfield>
    <subfield code="y">AGR</subfield>
  </datafield>
  <datafield tag="952" ind1=" " ind2=" ">
    <subfield code="0">0</subfield>
    <subfield code="1">0</subfield>
    <subfield code="2">ddc</subfield>
    <subfield code="4">0</subfield>
    <subfield code="6">AGR_&#x17A2;&#x17BB;&#x1799;_1996_000000000000000_BOO17_OR_5</subfield>
    <subfield code="7">0</subfield>
    <subfield code="9">1471</subfield>
    <subfield code="a">LBB</subfield>
    <subfield code="b">LBB</subfield>
    <subfield code="c">B017</subfield>
    <subfield code="d">2015-09-12</subfield>
    <subfield code="o">AGR &#x17A2;&#x17CA;&#x17BB;&#x1799; 1996 BOO17 Or.5</subfield>
    <subfield code="p">RUA004158</subfield>
    <subfield code="r">2015-09-12</subfield>
    <subfield code="w">2015-09-12</subfield>
    <subfield code="y">AGR</subfield>
  </datafield>
  <datafield tag="952" ind1=" " ind2=" ">
    <subfield code="0">0</subfield>
    <subfield code="1">0</subfield>
    <subfield code="2">ddc</subfield>
    <subfield code="4">0</subfield>
    <subfield code="6">AGR_&#x17A2;&#x17BB;&#x1799;_1996_000000000000000_BOO17_OR_6</subfield>
    <subfield code="7">0</subfield>
    <subfield code="9">1472</subfield>
    <subfield code="a">LBB</subfield>
    <subfield code="b">LBB</subfield>
    <subfield code="c">B017</subfield>
    <subfield code="d">2015-09-12</subfield>
    <subfield code="o">AGR &#x17A2;&#x17CA;&#x17BB;&#x1799; 1996 BOO17 Or.6</subfield>
    <subfield code="p">RUA003674</subfield>
    <subfield code="r">2015-09-12</subfield>
    <subfield code="w">2015-09-12</subfield>
    <subfield code="y">AGR</subfield>
  </datafield>
  <datafield tag="952" ind1=" " ind2=" ">
    <subfield code="0">0</subfield>
    <subfield code="1">0</subfield>
    <subfield code="2">ddc</subfield>
    <subfield code="4">0</subfield>
    <subfield code="6">AGR_&#x17A2;&#x17BB;&#x1799;_1996_000000000000000_BOO17_OR_7</subfield>
    <subfield code="7">0</subfield>
    <subfield code="9">1473</subfield>
    <subfield code="a">LBB</subfield>
    <subfield code="b">LBB</subfield>
    <subfield code="c">B017</subfield>
    <subfield code="d">2015-09-12</subfield>
    <subfield code="o">AGR &#x17A2;&#x17CA;&#x17BB;&#x1799; 1996 BOO17 Or.7</subfield>
    <subfield code="p">RUA005124</subfield>
    <subfield code="r">2015-09-12</subfield>
    <subfield code="w">2015-09-12</subfield>
    <subfield code="y">AGR</subfield>
  </datafield>
  <datafield tag="952" ind1=" " ind2=" ">
    <subfield code="0">0</subfield>
    <subfield code="1">0</subfield>
    <subfield code="2">ddc</subfield>
    <subfield code="4">0</subfield>
    <subfield code="6">AGR_&#x17A2;&#x17BB;&#x1799;_1996_000000000000000_BOO17_OR_8</subfield>
    <subfield code="7">0</subfield>
    <subfield code="9">1474</subfield>
    <subfield code="a">LBB</subfield>
    <subfield code="b">LBB</subfield>
    <subfield code="c">B017</subfield>
    <subfield code="d">2015-09-12</subfield>
    <subfield code="o">AGR &#x17A2;&#x17CA;&#x17BB;&#x1799; 1996 BOO17 Or.8</subfield>
    <subfield code="p">RUA004363</subfield>
    <subfield code="r">2015-09-12</subfield>
    <subfield code="w">2015-09-12</subfield>
    <subfield code="y">AGR</subfield>
  </datafield>
  <datafield tag="952" ind1=" " ind2=" ">
    <subfield code="0">0</subfield>
    <subfield code="1">0</subfield>
    <subfield code="2">ddc</subfield>
    <subfield code="4">0</subfield>
    <subfield code="6">AGR_&#x17A2;&#x17BB;&#x1799;_1996_000000000000000_BOO17_OR_9</subfield>
    <subfield code="7">0</subfield>
    <subfield code="9">1475</subfield>
    <subfield code="a">LBB</subfield>
    <subfield code="b">LBB</subfield>
    <subfield code="c">B017</subfield>
    <subfield code="d">2015-09-12</subfield>
    <subfield code="o">AGR &#x17A2;&#x17CA;&#x17BB;&#x1799; 1996 BOO17 Or.9</subfield>
    <subfield code="p">RUA004291</subfield>
    <subfield code="r">2015-09-12</subfield>
    <subfield code="w">2015-09-12</subfield>
    <subfield code="y">AGR</subfield>
  </datafield>
</record>
